Statistics for Oceania Capitals by Countries - Click Quiz

Click here to take the quiz!

General Stats

  • This quiz has been taken 31 times
  • The average score is 8 of 14

Answer Stats

HintAnswer% Correct
CanberraAustralia
96%
Port MoresbyPapua New Guinea
92%
WellingtonNew Zealand
80%
SuvaFiji
76%
ApiaSamoa
60%
Port VilaVanuatu
60%
PalikirFederated States of Micronesia
56%
TarawaKiribati
52%
MajuroMarshall Islands
48%
YarenNauru
48%
NgerulmudPalau
48%
HoniaraSolomon Islands
48%
Nuku'alofaTonga
48%
FunafutiTuvalu
36%

Score Distribution

Percentile by Number Answered

Percent of People with Each Score

Your Score History

You have not taken this quiz